Good design : the key to winning PFI bids (Record no. 63405)

MARC details
000 -LEADER
fixed length control field 00953cam a2200229 4500
001 - CONTROL NUMBER
control field ABS62142
008 - FIXED-LENGTH DATA ELEMENTS--GENERAL INFORMATION
fixed length control field 000000n2000 000 0 eng u
035 ## - SYSTEM CONTROL NUMBER
System control number (Sirsi) u105890
245 ## - TITLE STATEMENT
Title Good design : the key to winning PFI bids
260 ## - PUBLICATION, DISTRIBUTION, ETC.
Date of publication, distribution, etc. 2000
490 ## - SERIES STATEMENT
Series statement PFI Journal
Volume/sequential designation Supplement May 2000(20) LOAN
520 ## - SUMMARY, ETC.
Summary, etc. Supplement on good design as the key to winning PFI bids. Includes articles on the importance of design in producing buildings that are fit for purpose, the value of high quality architecture in the public sector, how to achieve design quality in PFI projects, how to build design into your bid and the benefits of light, colour, sound, smells, form and rhythm in deign.
590 ## - LOCAL NOTE (RLIN)
Local note ABS
650 ## - SUBJECT ADDED ENTRY--TOPICAL TERM
Topical term or geographic name entry element PFI
650 ## - SUBJECT ADDED ENTRY--TOPICAL TERM
Topical term or geographic name entry element PRIVATE FINANCE INITIATIVE
650 ## - SUBJECT ADDED ENTRY--TOPICAL TERM
Topical term or geographic name entry element FINANCE
650 ## - SUBJECT ADDED ENTRY--TOPICAL TERM
Topical term or geographic name entry element DESIGN
650 ## - SUBJECT ADDED ENTRY--TOPICAL TERM
Topical term or geographic name entry element ARCHITECTURE
650 ## - SUBJECT ADDED ENTRY--TOPICAL TERM
Topical term or geographic name entry element FITNESS FOR PURPOSE
690 ## - LOCAL SUBJECT ADDED ENTRY--TOPICAL TERM (OCLC, RLIN)
Topical term or geographic name as entry element BUILT ENVIRONMENT-CONSTRUCTION DESIGN
942 ## - ADDED ENTRY ELEMENTS (KOHA)
Suppress in OPAC 0
Holdings
Withdrawn status Lost status Source of classification or shelving scheme Damaged status Not for loan Home library Current library Shelving location Date acquired Total Checkouts Full call number Barcode Date last seen Date last checked out Copy number Price effective from Koha item type
    Dewey Decimal Classification     London London Journal article 09/05/2000 4 ABS62142 30061249 06/08/2019 13/09/2004 1 06/08/2019 Journal article